01016cam a2200265 a 4500001000500000005001700005020001800022040002300040050002500063082001200088100003000100245008200130250004400212260003400256300003700290490001900327505000700346520022900353521001700582521001700599650002600616650004200642650003200684700003400716220020250221100937.0 a9780439027977 aDLCcDLCdDLCbeng00aPZ7.M478693bAb 200700a3162221 aMcKissack, Patd1944-201710aAbby takes a stand /cby Patricia C. McKissack ; illustrated Gordon C. James. aFirst Scholastic printing, January 2007 aNew York :bScholastic,c2007 a104 pages :billustationsc19 cm0 aScraps of time aK  aGee recalls for her grandchildren what happened in 1960 in Nashville, Tennessee, when she, aged ten, passed out flyers while her cousin and other adults held sit-ins at restaurants and lunch counters to protest segregation. a580 bLexile aK bRaz-Plus 1aSegregationvFiction. 1aCivil rights demonstrationsvFiction. 1aAfrican AmericansvFiction.1 aJames, Gordon C.eillustrator